000 00486nam a22001577a 4500
005 20251120104902.0
008 251120b |||||||| |||| 00| 0 eng d
020 _a979-8-88715-005-5
100 _aDUNNE, MARIE
245 _aCLIMATE CHANGE AND FOOD PRODUCTION CHALLENGES
260 _aDUBLIN
_bORYSON PRESS
_c2024
300 _aX, 275P.
500 _aINCLUDES INDEX
650 _a1.CLIMATE CHANGE - AGRICULTURAL ASPECTS 2. FOOD SUPPLY - EFFECTS OF CLIMATE CHANGE
942 _2lcc
_cBK
999 _c216224
_d216224